000 00784nam a22002177a 4500
003 OSt
005 20260427155500.0
008 190718b xxu||||| |||| 00| 0 eng d
020 _a9789719584223 Pbk. Bp.
040 _aMMSU
_cULS
050 0 0 _aHD 62.7 S63 2017 F CASAT
110 _aSmall Enterprises Research and Development Foundation (SERDEF)
245 1 0 _aProduct development for small enterprises /
_cSmall Enterprises Research and Development Foundation (SERDEF)
260 _aQuezon City :
_bSERDEF,
_c2017.
300 _ax,142 pages ;
_billustrations ;
_c22 cm.
504 _aIncludes bibliographical references and index.
650 0 _aSmall business
_xManagement.
650 0 _aNew business enterprises
_xManagement.
650 0 _aEntrepreneurship.
942 _2lcc
_cBK
999 _c29032
_d29032